Normal view
MARC view
Entry Geographic Name
001 - CONTROL NUMBER
- control field: 722
003 - CONTROL NUMBER IDENTIFIER
- control field: csc
005 - DATE AND TIME OF LATEST TRANSACTION
- control field: 20140507162053.0
008 - FIXED-LENGTH DATA ELEMENTS
- fixed length control field: 130215|| aca||aabn | a|a d
040 ## - CATALOGING SOURCE
- Original cataloging agency: csc
- Transcribing agency: csc
151 ## - HEADING--GEOGRAPHIC NAME
- Geographic name: Scotland
- Form subdivision: Literary collections.
670 ## - SOURCE DATA FOUND
- Source citation: Work cat.: (csc)105: Caimbeul, Tormod, 1942- 150, An naidheachd bhon taigh /, 1994.